Top 10 Largest Cities In Alaska - Statistics

General Stats
  • This quiz has been taken 69 times
  • The average score is 5 of 10
Answer Stats
Rank City % Correct
1 Anchorage
98%
3 Juneau
97%
2 Fairbanks
79%
4 Sitka
59%
5 Ketchikan
41%
8 Kodiak
41%
6 Wasilla
38%
7 Kenai
26%
9 Bethel
22%
10 Palmer
22%
No matching quizzes found
Score Distribution
Percent of People with Each Score
Percentile by Number Answered
Your Score History
You have not taken this quiz